Science Quiz

Random Science or Anatomy Quiz

► Anatomy Terms Match Quiz Stats

 Plays Quiz not verified by Sporcle

Support Sporcle.
Go Orange.
Score 0/32 Timer 06:00
1 Play Today
% Correct
oral
93.3%
nasal
92.2%
genital
88.8%
gluteal
88.1%
pelvic
87.1%
vertebral
86.3%
digital
85.9%
mammary
84.3%
orbital
83.3%
palmar
82%
carpal
81.6%
plantar
79.6%
pedal
77.8%
umbilical
77.3%
patellar
76.8%
frontal
76.5%
% Correct
pectoral
75.4%
dorsal
75.3%
femoral
74.6%
axillary
71.7%
brachial
70.6%
otic
69.6%
cervical
69.3%
buccal
68%
antebrachial
66.3%
cephalic
59.8%
mental
55%
coxal
47.8%
costal
46.1%
cubital
43.4%
celiac
38.2%
crural
33.1%

You're not logged in!

Compare scores with friends on all Sporcle quizzes.
OR
Log In

From the Vault

60 Second Blitz: MLB Teams

by whoa

Baseball should really allow blitzing, I think it would really change the dynamic of the sport.
Remove Ads.
Support Sporcle.
Get the best of Sporcle when you Go Orange. This ad-free experience offers more features, more stats, and more fun while also helping to support Sporcle. Thank you for becoming a member.

Show Comments

Extras

Top Quizzes Today


Score Distribution

Your Account Isn't Verified!

In order to create a playlist on Sporcle, you need to verify the email address you used during registration. Go to your Sporcle Settings to finish the process.

Report this User

Report this user for behavior that violates our Community Guidelines.

Details: